MARC

LEADER 00000nam0a2200000 4500
001 45640
005 20231101210951.0
010 |a 5224010160 
035 |a (RuTPU)RU\TPU\book\47544 
090 |a 45640 
100 |a 20021215d2001 km y0rusy50 ca 
101 0 |a rus 
102 |a RU 
105 |a a z 001zy 
200 1 |a Мировая культура: Древняя Греция. Древний Рим  |f Л. В. Золоева, А. В. Порьяз 
210 |a Москва  |c Олма-Пресс  |d 2001 
215 |a 447 с.  |c ил. 
225 1 |a Мировая культура 
300 |a Авт. указаны на обороте тит. л. 
320 |a Римские боги: с. 428-433 
320 |a Хронологические табл.: с. 434-439 
320 |a Словарь латинских крылатых фраз: с. 440-446 
606 1 |a Историческая культурология  |2 stltpush  |3 (RuTPU)RU\TPU\subj\72069  |9 85657 
606 1 |a Греция Древняя  |x Культура  |x История  |2 stltpush  |3 (RuTPU)RU\TPU\subj\64970  |9 81637 
610 1 |a культура 
610 1 |a мировая культура 
610 1 |a история 
610 1 |a античность 
610 1 |a Афины 
610 1 |a Спарта 
610 1 |a греко-персидские войны 
610 1 |a экономика 
610 1 |a земледелие 
610 1 |a монеты 
610 1 |a жилище 
610 1 |a одежда 
610 1 |a быт 
610 1 |a семья 
610 1 |a рабство 
610 1 |a музыка 
610 1 |a театр 
610 1 |a литература 
610 1 |a философия 
610 1 |a религия 
610 1 |a медицина 
610 1 |a астрономия 
610 1 |a Древний Рим 
610 1 |a республика 
610 1 |a армия 
610 1 |a гладиаторы 
610 1 |a воспитание 
610 1 |a римское право 
610 1 |a календари 
610 1 |a учебные пособия 
686 |a Ч113я7  |v LBC/SL-A  |2 rubbk 
686 |a Т3(0)32-7я7  |v LBC/SL-A  |2 rubbk 
700 1 |a Золоева  |b Л. В.  |g Лариса Владимировна 
701 1 |a Порьяз  |b А. В.  |g Алексей Викторович 
801 1 |a RU  |b 63413507  |c 20021215  |g PSBO 
801 2 |a RU  |b 63413507  |c 20230324  |g PSBO 
942 |c BK